Operación Peter Pan: un caso de guerra psicológica contra Cuba

Gardado en:
Detalles Bibliográficos
Main Authors: Torreira Crespo, Ramón (Author), Buajasán Marrawi, José (Author)
Formato: Libro
Idioma:Lingua castelá
Publicado: La Habana Política 2000
Subjects:
Tags: Engadir etiqueta
Sen Etiquetas, Sexa o primeiro en etiquetar este rexistro!

MARC

LEADER 00000nam a2200000 a 4500
001 UCO7678
003 CL-VaPUC
008 001117e20000000CU |||||||||||||||||spa|d
082 0 4 |a 355.0275  |b TOR  |2 21 
100 0 |a Torreira Crespo, Ramón  |e author  |9 452328 
700 0 |a Buajasán Marrawi, José  |e author  |9 452329 
245 1 0 |a Operación Peter Pan: un caso de guerra psicológica contra Cuba 
300 |a 443 p 
942 |c BK 
945 |d 20001117 00:00:00  |a rbrito 
260 |a La Habana  |b Política  |c 2000 
650 7 |a GUERRA PSICOLOGICA  |2 CL-VaPUC  |9 380496 
650 7 |a PSICOLOGIA DE LA COMUNICACION  |2 CL-VaPUC  |9 332059 
650 7 |a PROPAGANDA BELICA  |2 CL-VaPUC  |9 452330 
650 0 |a Persuasión   |9 333734 
651 7 |a CUBA  |2 CL-VaPUC  |9 255263 
651 0 |a Estados Unidos  |9 255178 
583 |a last modification  |c 20001117 00:00:00  |k Rodrigo Vera 
999 |c 292563  |d 292561 
952 |0 0  |1 0  |4 0  |6 355_027500000000000_TOR_2000  |7 0  |8 A  |9 343500  |a BIBHIS  |b BIBHIS  |d 2019-11-20  |i 3649954  |o 355.0275 TOR 2000  |p 3649954  |r 2025-01-20  |w 2019-11-20  |y BK  |k HIS